=LDR 00000nam 2200000 4500 =001 NUTBA000000000005296 =005 20221118063802 =035 ##$$a 0010-101400000000526 =008 221118################g##########0#ind## =020 ##$$a 978-692-691-6 =040 ##$$a NBPDMAT =082 ##$$a 808.83 =090 ##$$a 808.83 Sar m =100 ##$$a Sari Pusparini Soleh =245 1#$$a Masa pemerintahan Putra Sang Fajar 1949 - 1963 /$c Sari Pusparini Soleh =250 ##$$a Cet. 3 =260 ##$$a Bandung :$b Remaja Rosda Karya,$c 2006 =300 ##$$a vi, 65 hlm : $b ilus ; $c 28 cm =650 #4$$a Fiksi Sejarah =850 ##$$a NBPDMAT =084 ##$$a 808.83 SAR m =504 ##$$a Bibliografi: hal. 66 =990 ##$$a 0001/BPAP-NTB/20142014 =990 ##$$a 0001/BPAP-NTB/20142014 =990 ##$$a 0001/BPAP-NTB/20142014 =990 ##$$a 0001/BPAP-NTB/20142014 =990 ##$$a 0001/BPAP-NTB/20142014 =990 ##$$a 21413481 =990 ##$$a 0001/BPAP-NTB/20142014 =990 ##$$a 0001/BPAP-NTB/20142014 =990 ##$$a 0001/BPAP-NTB/20142014 =990 ##$$a 0001/BPAP-NTB/20142014 =990 ##$$a 21413480 =990 ##$$a 0001/BPAP-NTB/20142014 =990 ##$$a 0001/BPAP-NTB/20142014 =990 ##$$a 0001/BPAP-NTB/20142014 =990 ##$$a 21413481 =990 ##$$a 21413479 =990 ##$$a 0001/BPAP-NTB/20142014 =990 ##$$a 0001/BPAP-NTB/20142014 =990 ##$$a 21413480 =990 ##$$a 21413481 =990 ##$$a 21413478 =990 ##$$a 0001/BPAP-NTB/20142014 =990 ##$$a 21413479 =990 ##$$a 21413480 =990 ##$$a 21413481 =990 ##$$a 18291829 =990 ##$$a 18291829 =990 ##$$a 20702387 =990 ##$$a 0001/BPAP-NTB/20142014 =990 ##$$a 21413478 =990 ##$$a 21413479 =990 ##$$a 21413480 =990 ##$$a 21413481 =990 ##$$a 1200701830 =990 ##$$a 20702386 =990 ##$$a 0001/BPAP-NTB/20142014 =990 ##$$a 21413478 =990 ##$$a 21413479 =990 ##$$a 21413480 =990 ##$$a 21413481 =990 ##$$a 20702387